Т. 2 : 1942; Последние письма с фронта

מידע ביבליוגרפי
Parent link:Последние письма с фронта: Сборник. Т. 2 : 1942.— , 1991
שפה:רוסית
יצא לאור: 1991
נושאים:
פורמט: ספר
KOHA link:https://koha.lib.tpu.ru/cgi-bin/koha/opac-detail.pl?biblionumber=16911

MARC

LEADER 00000nam0a2200000 4500
001 16911
005 20231030190656.0
010 |a 5203010390 
035 |a (RuTPU)RU\TPU\book\17040 
035 |a BOOK00001728 
090 |a 16911 
100 |a 20011209d1991 m y0rusy50 ca 
101 0 |a rus 
102 |a RU 
105 |a a z 000zy 
200 0 |a Т. 2 : 1942 
210 |d 1991 
215 |a 554 с.  |c ил. 
461 |t Последние письма с фронта  |o Сборник  |v Т. 2 : 1942  |d 1991 
610 1 |a история 
610 1 |a Россия 
610 1 |a СССР 
610 1 |a Великая Отечественная война 1941-1945 
610 1 |a 20 век 
610 1 |a источники исторические 
610 1 |a письма 
686 |a Т3(2)622.11  |v LBC/SL-A  |2 rubbk 
801 0 |a RU  |b 63413507  |c 20011209  |g PSBO 
801 2 |a RU  |b 63413507  |c 20220426  |g PSBO 
942 |c BK